| 000 | 00538cam a22002291 4500 | ||
|---|---|---|---|
| 001 | sa 68003274 | ||
| 003 | DLC | ||
| 005 | 20260227112451.0 | ||
| 008 | 941005s1966 ii a 000 1 telo | ||
| 010 | _asa 68003274 | ||
| 025 | _aPL480:I-Te-1452 | ||
| 035 | _a(OCoLC)31226864 | ||
| 040 |
_aDLC _cCU _dCU _dDLC |
||
| 042 | _apremarc | ||
| 050 | 0 | 0 |
_aPL4780.9.R296 _bM3 |
| 100 | 2 | _aRamana Rao, B. V. | |
| 245 | 1 | 0 | _aMārgadarśi. |
| 260 | _c[1966] | ||
| 300 |
_a183 p. _bill. _c18 cm. |
||
| 500 | _aIn Telugu. | ||
| 500 | _aA novel. | ||
| 999 |
_c79357 _d79357 |
||